Edited versions of selected papers from the International Conference on "Logic, Informatics, Law," Florence, Italy, April 1981.

Bibliographic Details
Corporate Author: International Conference on "Logic, Informatics, Law" Florence, Italy
Other Authors: Ciampi, Costantino, 1946-, Martino, Antonio Anselmo
Format: Conference Proceeding Book
Language:English
Published: Amsterdam ; New York : North-Holland Pub. Co. ; 1982.
Subjects:

MARC

Tag First Indicator Second Indicator Subfields
LEADER 00000pam a2200000 a 4500
001 in00000069376
005 20151008053344.0
008 820412s1982 ne a b 10110 eng
010 |a  82006465  
020 |a 044486413X (set) 
020 |a 0444864148 (v. 1) 
020 |a 0444864156 (v. 2) 
035 |a (OCoLC)08409927 
035 |9 AAH7149AM 
039 0 |a 2  |b 3  |c 3  |d 3  |e 3 
040 |a DLC  |c DLC  |d TXA  |d UtOrBLW 
049 |a TXAM  |v 1 [1673303]  |v 2 [1673304] 
050 0 0 |a Q334  |b  I56 1981 
082 0 |a 025/.0634  |2 19 
111 2 |a International Conference on "Logic, Informatics, Law"  |d (1981 :  |c Florence, Italy) 
245 1 0 |a Edited versions of selected papers from the International Conference on "Logic, Informatics, Law," Florence, Italy, April 1981. 
264 1 |a Amsterdam ;  |a New York :  |b North-Holland Pub. Co. ;  |c  1982. 
264 2 |a New York, N.Y. :  |b Distributors for the U.S.A. and Canada, Elsevier Science Pub. Co., 
300 |a 2 volumes :  |b illustrations ;  |c 23 cm. 
336 |a text  |b txt  |2 rdacontent 
337 |a unmediated  |b n  |2 rdamedia 
338 |a volume  |b nc  |2 rdacarrier 
504 |a Includes bibliographies and indexes. 
505 0 |a v. 1. Artificial intelligence and legal information systems / editor, Constantino Ciampi -- v. 2. Deontic logic, computational linguistics, and legal information systems / editor, Antonio A. Martino. 
650 0 |a Artificial intelligence  |v Congresses. 
650 0 |a Information storage and retrieval systems  |x Law  |v Congresses. 
650 0 |a Law  |x Decision-making  |x Congresses. 
700 1 |a Ciampi, Costantino,  |d 1946- 
700 1 |a Martino, Antonio Anselmo. 
999 |a MARS 
999 f f |s d12be289-5e21-34fc-94d8-7d5f8f401053  |i 316f3eb9-985f-3b07-91c1-97f3aadc4d20  |t 0 
952 f f |p ric  |a Texas A&M University  |b Rellis Campus  |c Joint Library Facility  |d Remote Storage  |t 0  |e Q334 I56 1981  |h Library of Congress classification  |i unmediated -- volume  |m A14805949214 
952 f f |p ric  |a Texas A&M University  |b Rellis Campus  |c Joint Library Facility  |d Remote Storage  |t 0  |e Q334 I56 1981  |h Library of Congress classification  |i unmediated -- volume  |m A14805949206 
998 f f |a Q334 I56 1981  |s v.1-v.2  |t 0  |l Remote Storage